000 00243nam a2200097Ia 4500
001 643380
005 20250826153544.0
008 250824s9999 xx 000 0 und d
245 0 _aMATEMATİK ÇOK KOLAY
_cKJARTAN POSKITT
260 _bGENÇ TİMAŞ
999 _c643380
_d643380